| 000 | 00613nam a2200217Ia 4500 | ||
|---|---|---|---|
| 003 | OSt | ||
| 005 | 20241029131713.0 | ||
| 008 | 210719s2020 xx 000 0 und d | ||
| 020 | _a978-93-5357-654-7 | ||
| 040 | _cAL | ||
| 041 | _aeng | ||
| 082 | _a796.345092 KRIS | ||
| 100 |
_aKRISHNASWAMY (V) _9183674 |
||
| 245 | _aShuttling to the top:the story of P V Sindhu | ||
| 260 |
_aUttar Pradesh _bHarper & Collins Publishers _c2020 |
||
| 300 |
_axi,218 _bPB |
||
| 365 |
_b399 _cRs |
||
| 650 |
_aAthletic & Outdoor Sports _9183675 |
||
| 906 | _aP ; Shuttling ; Sindhu ; story ; top:the ; V | ||
| 942 |
_2ddc _cBK |
||
| 999 |
_c211807 _d211807 |
||